000 00624nam a2200193 a 4500
001 000023306
005 20241007115234.0
008 101201s1994 enk 000 0 eng d
020 _a0415109906
040 _aDO-SdBNP
_bspa
_cBNPHU
082 _a338.4791
_bN277
245 0 0 _aNational and regional tourism planning :
_bmethodologies and case studies.
260 _aLondon :
_bWold Tourism Organisation,
_c1994.
300 _aix, 249 p. ;
_c24 cm.
504 _aIncluye referencias bibliográficas y notas al pie de las páginas.
650 0 _aTurismo
_92632
650 4 _aTurismo
_xAdministración
_947995
049 _aBNGR
999 _c22803
_d22803